| 000 | 00664nam a2200193Ia 4500 | ||
|---|---|---|---|
| 001 | 5271 | ||
| 003 | GE_BSU | ||
| 008 | 181216s||||||||xx |||||||||||||| ||und|| | ||
| 040 | _cGE_BSU | ||
| 080 | _a51(092) | ||
| 100 | _aВладимиров,В. С. Маркуш,И. И. | ||
| 245 | _aСтеклов Владимир Андреевич - ученый и организатор науки | ||
| 260 | _aМосква. | ||
| 260 | _bНаука Гл ред. физ-мт. лит.- ры | ||
| 260 | _c1981 | ||
| 300 | _a94 с. 20 см. | ||
| 653 | _aСтеклов Владимир Андреевич ученый и организатор науки | ||
| 942 | _cBK | ||
| 999 |
_c38860 _d38860 |
||